| 000 | 00534nam a22001937a 4500 | ||
|---|---|---|---|
| 003 | OSt | ||
| 005 | 20180116182956.0 | ||
| 008 | 140418b xxu||||| |||| 00| 0 eng d | ||
| 020 | _a9780415899284 | ||
| 040 |
_a0 _b0 _c0 |
||
| 082 |
_23rd Ed. _a658.83 SIL 2012 |
||
| 100 | _aLawrence Silve, Robert Stervens | ||
| 245 | _aThe Essentials of Marketing Research | ||
| 250 | _a3rd Ed. | ||
| 260 |
_aNew york and london _bRoutledge _c2012 |
||
| 300 |
_a362p. _bPB |
||
| 440 | _aThe Essentials of Marketing Research | ||
| 942 |
_2ddc _cBK |
||
| 999 |
_c349652 _d349652 |
||